Shadow nation: Strategic culture of Pakistan's deep state (Record no. 395585)

MARC details
000 -LEADER
fixed length control field 00637 a2200217 4500
005 - DATE & TIME
control field 20260513102508.0
008 - FIXED-LENGTH DATA ELEMENTS--GENERAL INFORMATION
fixed length control field 260512b |||||||| |||| 00| 0 eng d
020 ## - ISBN
International Standard Book Number 9788198748447
Price Rs. 995.00
040 ## - CATALOGING SOURCE
Original cataloging agency VIVEKANANDA LIBRARY
082 ## - DDC NUMBER
Classification number 355.03305491
Book Number D491S
100 ## - MAIN ENTRY--PERSONAL NAME
Personal name Devasher, Tilak
245 ## - TITLE STATEMENT
Title Shadow nation: Strategic culture of Pakistan's deep state
260 ## - PUBLICATION, DISTRIBUTION, ETC. (IMPRINT)
Name of publisher, distributor, etc Pentagon Press
Date of publication, distribution, etc 2025
Place of publication, distribution, etc New Delhi
300 ## - PHYSICAL DESCRIPTION
Pages xiv, 152
650 ## - Subject
Subject Straregic Culture
650 ## - Subject
Subject National Security
650 ## - Subject
Subject Pakistan- Politics and Government
650 ## - Subject
Subject Civil- Military Relations- Pakistan
700 ## - Added Entry Personal Name
Added Entry Personal Name Singh, Harsh V
942 ## - ADDED ENTRY ELEMENTS (KOHA)
Koha item type Books
Holdings
Withdrawn status Lost status Source of classification or shelving scheme Damaged status Not for loan Location (home branch) Sublocation or collection (holding branch) Shelving location Date acquired Koha issues (times borrowed) Koha full call number Accession No. Koha date last seen Koha item type
    Dewey Decimal Classification     VIVEKANANDA LIBRARY VIVEKANANDA LIBRARY Vivekananda Library 04/02/2026   355.03305491 D491S 438123 04/02/2026 Books
© Designed and Maintained by Vivekananda Library, MDU Rohtak